Centroamerica: un nuevo rol geopolitico /

Na minha lista:
Detalhes bibliográficos
Autor principal: Mercado Jarrín, Edgardo
Formato: Texto
Assuntos:
Tags: Adicionar Tag
Sem tags, seja o primeiro a adicionar uma tag!

MARC

LEADER 00000 a a2200000 04500
001 44679
003
040
100 |a Mercado Jarrín, Edgardo  
245 |a Centroamerica:   |b un nuevo rol geopolitico /  |c Edgardo Mercado Jarrín 
500 |a Entrevista realizada a Edgardo Mercado Jarrín  
650 |a CRISIS/RELACIONES INTERNACIONALES  
650 |a ESTADOS UNIDOS  
650 |a LIBERALISMO  
650 |a DERECHA  
650 |a HEGEMONIA  
650 |a AUTONOMIA/REVOLUCION/SANDINISMO  
773 |g volumen9, número73 (1985), Páginas: 3-4  
999 |c 33050  |d 33050